[Event "CAN-ch U14"]
[Site "Windsor"]
[Date "2015.07.09"]
[Round "7.37"]
[White "Krishnamohan, Vithushan"]
[Black "McKewan, Matthew"]
[Result "1-0"]
[WhiteElo "1278"]
[BlackElo "939"]
[PlyCount "83"]
[EventDate "2015.07.06"]
[EventType "swiss"]
[EventRounds "7"]
[EventCountry "CAN"]
[SourceTitle "EXT 2022"]
[Source "ChessBase"]
[SourceDate "2021.10.06"]
[SourceVersion "1"]
[SourceVersionDate "2021.10.06"]
[SourceQuality "1"]

1. e4 e5 2. Nf3 Nc6 3. d4 exd4 4. Nxd4 Nxd4 5. Qxd4 b6 6. Bc4 Qf6 7. Qxf6 Nxf6 8. 0-0 g6 9. Nc3 Bg7 10. Bf4 d6 11. e5 dxe5 12. Bxe5 Bb7 13. Bxc7 0-0 14. Be5 Rac8 15. Bb3 Rfe8 16. Rfe1 Ne4 17. Bxg7 Kxg7 18. Nxe4 Bxe4 19. c3 Rc7 20. f3 Bc6 21. Rxe8 Bxe8 22. Re1 Bc6 23. Rd1 Re7 24. Rd6 Rc7 25. Bd5 Bxd5 26. Rxd5 Re7 27. Kf2 Kf6 28. f4 h6 29. h4 h5 30. c4 Kg7 31. b4 Rc7 32. c5 bxc5 33. bxc5 Kf8 34. f5 Ke7 35. fxg6 fxg6 36. Rg5 Rc6 37. Ke3 Kd7 38. Kd4 Re6 39. Re5 Rxe5 40. Kxe5 Kc6 41. Kd4 a5 42. a4 1-0

[Event "CAN-ch U14"]
[Site "Windsor"]
[Date "2015.07.06"]
[Round "1.39"]
[White "Li, Kevin1"]
[Black "McKewan, Matthew"]
[Result "1-0"]
[WhiteElo "1666"]
[BlackElo "939"]
[PlyCount "91"]
[EventDate "2015.07.06"]
[EventType "swiss"]
[EventRounds "7"]
[EventCountry "CAN"]
[SourceTitle "EXT 2022"]
[Source "ChessBase"]
[SourceDate "2021.10.06"]
[SourceVersion "1"]
[SourceVersionDate "2021.10.06"]
[SourceQuality "1"]

1. e4 e5 2. Nf3 Nc6 3. Bc4 Bc5 4. c3 Nf6 5. d3 h6 6. a4 d6 7. b4 Bb6 8. a5 Nxb4 9. cxb4 Bd4 10. Nxd4 exd4 11. 0-0 0-0 12. Bb2 c5 13. bxc5 dxc5 14. h3 b6 15. Qa4 Bd7 16. Bb5 Rb8 17. Bxd7 Qxd7 18. Qxd7 Nxd7 19. axb6 Nxb6 20. Ba3 Nd7 21. Nd2 Rb7 22. Rfb1 Rxb1+ 23. Rxb1 Rd8 24. f4 g5 25. g3 Kg7 26. Rb7 a6 27. Ra7 Kg6 28. Rxa6+ f6 29. Rc6 gxf4 30. gxf4 Ra8 31. Nc4 Rb8 32. Bxc5 Nxc5 33. Rxc5 Rb3 34. Rc6 Kf7 35. e5 Rxd3 36. Rxf6+ Kg7 37. Kg2 Rd1 38. f5 Rc1 39. Rg6+ Kf7 40. e6+ Ke7 41. Rg7+ Kf8 42. f6 Rxc4 43. e7+ Ke8 44. Rg8+ Kd7 45. e8Q+ Kc7 46. Qc8+ 1-0